New dawn fades? (Record no. 81380)
[ view plain ]
| 000 -LEADER | |
|---|---|
| fixed length control field | 00725cab a22001935a 4500 |
| 001 - CONTROL NUMBER | |
| control field | 147095 |
| 008 - FIXED-LENGTH DATA ELEMENTS--GENERAL INFORMATION | |
| fixed length control field | 090331e20090327xxkdo f 000 0 eng d |
| 035 ## - SYSTEM CONTROL NUMBER | |
| System control number | (Sirsi) u147095 |
| 041 0# - LANGUAGE CODE | |
| Language code of text/sound track or separate title | eng |
| 100 1# - MAIN ENTRY--PERSONAL NAME | |
| Personal name | Stewart, Dan |
| 245 00 - TITLE STATEMENT | |
| Title | New dawn fades? |
| 260 ## - PUBLICATION, DISTRIBUTION, ETC. | |
| Date of publication, distribution, etc. | 2009 |
| 490 ## - SERIES STATEMENT | |
| Series statement | Building Magazine |
| Volume/sequential designation | 274 (8572) 27 March 2009, 38-45 (8) |
| 520 ## - SUMMARY, ETC. | |
| Summary, etc. | Presents BAA's development plans, which include a third runway, a sixth terminal and refurbishment work at Heathrow. Analyses the views of persons for and against Heathrow's third runway. |
| 590 ## - LOCAL NOTE (RLIN) | |
| Local note | KA |
| 651 #4 - SUBJECT ADDED ENTRY--GEOGRAPHIC NAME | |
| Geographic name | United Kingdom |
| Chronological subdivision | |
| 690 ## - LOCAL SUBJECT ADDED ENTRY--TOPICAL TERM (OCLC, RLIN) | |
| Topical term or geographic name as entry element | PROPERTY-INFRASTRUCTURE-TRANSPORT INFRASTRUCTURE-AIR TRANSPORT INFRASTRUCTURE-AIR TRANSPORT FACILITIES |
| 942 ## - ADDED ENTRY ELEMENTS (KOHA) | |
| Suppress in OPAC | 0 |
| Withdrawn status | Lost status | Source of classification or shelving scheme | Damaged status | Not for loan | Home library | Current library | Shelving location | Date acquired | Total Checkouts | Full call number | Barcode | Date last seen | Copy number | Price effective from | Koha item type |
|---|---|---|---|---|---|---|---|---|---|---|---|---|---|---|---|
| Dewey Decimal Classification | London | London | Journal article | 31/03/2009 | L147095 | 147095-1001 | 06/08/2019 | 1 | 06/08/2019 | Journal article |